00669pam a2200217 i 4500001000500000005001700005020001800022040002300040050001400063082001200077100003100089245003800120250003700158260004200195300005900237505000800296520008900304521002000393521002000413650001800433349020240312163015.0 a9780312564216 aDLCcDLCdDLCbeng00aPZ7.S817700a808.0681 aSteig, Williamd1907-2003.14aThe amazing bone /cWilliam Steig aFirst Square Fish Edition : 2011 aNew York :bSquare Fish Books, c1976 a32 unnumbered pages : bcolor illustrations ; c28 cm. aQ  aOn her way home from school, Pearl finds an unusual bone that has unexpected powers. a660 bLexile  aQ bRaz-Plus  1aPigsxFiction